[Event "Moscow Smyslov-B"]
[Site "Moscow"]
[Date "2025.06.06"]
[Round "5"]
[White "Preobrazhensky, Andrey"]
[Black "Berdashkevich, Makar"]
[Result "1-0"]
[WhiteElo "1951"]
[BlackElo "1816"]
[PlyCount "75"]
[EventDate "2025.06.02"]
[EventType "swiss"]
[EventRounds "8"]
[EventCountry "RUS"]
[SourceTitle "CB29_2025"]
[SourceDate "2025.07.16"]
[SourceVersion "1"]
[SourceVersionDate "2025.07.16"]
[SourceQuality "1"]

1. d4 Nf6 2. c4 e6 3. Nc3 Bb4 4. e3 b6 5. Nge2 Ba6 6. a3 Bxc3+ 7. Nxc3 d5 8. Qf3 0-0 9. Be2 Nbd7 10. cxd5 Bb7 11. 0-0 exd5 12. b4 a6 13. Qg3 Ne4 14. Nxe4 dxe4 15. Bb2 Bd5 16. a4 Re8 17. b5 a5 18. Rfc1 Ra7 19. Ra3 Nf8 20. Rac3 Ne6 21. Bg4 Re7 22. Ba3 Rd7 23. h4 f6 24. Bf5 g6 25. h5 Rg7 26. h6 gxf5 27. hxg7 f4 28. Qg4 c5 29. bxc6 Rxg7 30. c7 Qc8 31. Qf5 Rg5 32. Qxf6 f3 33. g3 h5 34. Rc6 h4 35. Rxe6 Bxe6 36. Qxg5+ Kf7 37. Qe7+ Kg6 38. Rc6 1-0

[Event "Moscow Smyslov-B"]
[Site "Moscow"]
[Date "2025.06.03"]
[Round "2"]
[White "Preobrazhensky, Andrey"]
[Black "Krasin, Boris Vsev"]
[Result "1-0"]
[WhiteElo "1951"]
[BlackElo "1897"]
[PlyCount "83"]
[EventDate "2025.06.02"]
[EventType "swiss"]
[EventRounds "8"]
[EventCountry "RUS"]
[SourceTitle "CB29_2025"]
[SourceDate "2025.07.16"]
[SourceVersion "1"]
[SourceVersionDate "2025.07.16"]
[SourceQuality "1"]

1. d4 d5 2. c4 dxc4 3. Nf3 c6 4. a4 Nf6 5. e3 Bg4 6. Bxc4 e6 7. a5 Nbd7 8. 0-0 Bd6 9. h3 Bh5 10. Nc3 0-0 11. a6 b5 12. Be2 Qe7 13. e4 e5 14. dxe5 Nxe5 15. Nd4 Bxe2 16. Qxe2 Bc5 17. Be3 Rfd8 18. Nf5 Qf8 19. Bg5 Ned7 20. Qf3 Re8 21. Rae1 Kh8 22. Kh1 Rad8 23. Qf4 Re5 24. Qh4 Rde8 25. f3 Ng8 26. Rd1 Nb6 27. b3 f6 28. Bc1 Qf7 29. Qg3 Rxf5 30. exf5 Qxb3 31. Rfe1 Rxe1+ 32. Qxe1 Bb4 33. Bd2 Qf7 34. Qe6 Qe7 35. Ne4 Qxe6 36. fxe6 Be7 37. Be3 Nc8 38. Rd7 f5 39. Rc7 fxe4 40. Rxc8 b4 41. Bxa7 b3 42. Rb8 1-0

[Event "Moscow Smyslov-B"]
[Site "Moscow"]
[Date "2025.06.02"]
[Round "1"]
[White "Druchinin, Semen"]
[Black "Preobrazhensky, Andrey"]
[Result "0-1"]
[WhiteElo "1886"]
[BlackElo "1951"]
[PlyCount "64"]
[EventDate "2025.06.02"]
[EventType "swiss"]
[EventRounds "8"]
[EventCountry "RUS"]
[SourceTitle "CB29_2025"]
[SourceDate "2025.07.16"]
[SourceVersion "1"]
[SourceVersionDate "2025.07.16"]
[SourceQuality "1"]

1. d4 Nf6 2. c4 e6 3. Nf3 b6 4. g3 Ba6 5. Qc2 Bb7 6. Bg2 c5 7. 0-0 cxd4 8. Nxd4 Bxg2 9. Kxg2 Qc8 10. e4 Qb7 11. Re1 Nc6 12. Nxc6 Qxc6 13. Nd2 d6 14. b3 Be7 15. Bb2 0-0 16. Nf3 Rac8 17. Qe2 Rfd8 18. a4 Nd7 19. Nd4 Qb7 20. h4 Bf6 21. Qe3 d5 22. cxd5 exd5 23. exd5 Qxd5+ 24. Kg1 Ne5 25. Rad1 Qa8 26. Kf1 Re8 27. Kg1 Nc4 28. bxc4 Rxe3 29. Rxe3 h6 30. g4 Rxc4 31. a5 Qd5 32. Red3 Qxa5 0-1

[Event "St Petersburg Korchnoi Memorial op"]
[Site "St Petersburg"]
[Date "2024.08.20"]
[Round "7"]
[White "Preobrazhensky, Andrey"]
[Black "Sheremetev, Vladislav"]
[Result "1/2-1/2"]
[WhiteElo "1912"]
[BlackElo "2103"]
[PlyCount "120"]
[EventDate "2024.08.17"]
[EventType "swiss"]
[EventRounds "9"]
[EventCountry "RUS"]
[SourceTitle "EXT 2025"]
[Source "ChessBase"]
[SourceDate "2024.10.14"]
[SourceVersion "1"]
[SourceVersionDate "2024.10.14"]
[SourceQuality "1"]

1. d4 Nf6 2. c4 e6 3. Nf3 Bb4+ 4. Nbd2 b6 5. a3 Bxd2+ 6. Bxd2 0-0 7. e3 Bb7 8. Bd3 Ne4 9. Qc2 f5 10. 0-0 d6 11. Be1 Nd7 12. Nd2 Ndf6 13. f3 Nxd2 14. Bxd2 Qe7 15. b4 g6 16. c5 bxc5 17. bxc5 dxc5 18. Rfc1 Nd7 19. dxc5 Bc6 20. Qc3 Rfd8 21. Bf1 Qf6 22. Rab1 Qxc3 23. Bxc3 a6 24. Ba5 Rdc8 25. Rb2 Kf7 26. h4 Nf6 27. Be2 Nd5 28. Kf2 Ne7 29. g3 Bb5 30. Rcb1 Nc6 31. Bc3 Bxe2 32. Kxe2 Rcb8 33. Rxb8 Rxb8 34. Rxb8 Nxb8 35. Be5 Nd7 36. Bxc7 Nxc5 37. Bd6 Nb7 38. Bb4 a5 39. Bc3 Ke7 40. Kd3 Kd6 41. Kc4 Kc6 42. Be5 Nc5 43. Bg7 Nb7 44. Bf8 e5 45. a4 Nd8 46. Be7 Nb7 47. Ba3 h5 48. Bf8 Nd8 49. Be7 Ne6 50. Ba3 Nc7 51. Bb2 Nd5 52. e4 fxe4 53. fxe4 Nb6+ 54. Kb3 Nd7 55. Bc3 Nc5+ 56. Kc4 Nxe4 57. Bxe5 Nc5 58. Bc3 Nxa4 59. Bxa5 Nc5 60. Be1 Ne6 1/2-1/2

[Event "St Petersburg Korchnoi Memorial op"]
[Site "St Petersburg"]
[Date "2023.08.22"]
[Round "7"]
[White "Preobrazhensky, Andrey"]
[Black "Lezin, Aleksandr"]
[Result "1-0"]
[WhiteElo "1822"]
[BlackElo "1414"]
[PlyCount "83"]
[EventDate "2023.08.18"]
[EventType "swiss"]
[EventRounds "9"]
[EventCountry "RUS"]
[SourceTitle "CBM 216 Extra"]
[Source "ChessBase"]
[SourceDate "2023.11.30"]
[SourceVersion "1"]
[SourceVersionDate "2023.11.30"]
[SourceQuality "1"]

1. d4 Nf6 2. c4 g6 3. Nc3 Bg7 4. e4 d6 5. f4 c5 6. d5 b5 7. cxb5 a6 8. b6 Qxb6 9. Nf3 0-0 10. Be2 Nbd7 11. Nd2 a5 12. Nc4 Qb8 13. a4 Nb6 14. Ra3 Nxc4 15. Bxc4 Qb4 16. Qd3 Qb7 17. 0-0 Ng4 18. Rb3 Qd7 19. Nb5 Ba6 20. h3 Nf6 21. Bd2 Bxb5 22. Rxb5 Qc7 23. Bc3 Nd7 24. Bxg7 Kxg7 25. Qc3+ f6 26. h4 Rfb8 27. Rxb8 Rxb8 28. Bb5 Nb6 29. b3 Nc8 30. Re1 Na7 31. Bc4 Kf7 32. e5 Nc8 33. exf6 exf6 34. Re6 Qd8 35. h5 Ra8 36. hxg6+ hxg6 37. Qh3 Qg8 38. Bb5 Qg7 39. Be8+ Kf8 40. Bc6 Nb6 41. Bxa8 Nxa8 42. Rxd6 1-0

[Event "St Petersburg Korchnoi Memorial op"]
[Site "St Petersburg"]
[Date "2023.08.20"]
[Round "4"]
[White "Kazhgaleyev, Murtas"]
[Black "Preobrazhensky, Andrey"]
[Result "1-0"]
[WhiteElo "2498"]
[BlackElo "1822"]
[PlyCount "77"]
[EventDate "2023.08.18"]
[EventType "swiss"]
[EventRounds "9"]
[EventCountry "RUS"]
[SourceTitle "CBM 216 Extra"]
[Source "ChessBase"]
[SourceDate "2023.11.30"]
[SourceVersion "1"]
[SourceVersionDate "2023.11.30"]
[SourceQuality "1"]

1. d4 Nf6 2. Nf3 e6 3. Bg5 h6 4. Bh4 g5 5. Bg3 d6 6. h3 Bg7 7. Nbd2 b6 8. e4 Bb7 9. Bd3 Nbd7 10. Qe2 a6 11. 0-0-0 b5 12. Nb3 c5 13. dxc5 dxc5 14. c4 Qb6 15. e5 Nh5 16. Be4 Nxg3 17. fxg3 Rd8 18. Rd6 Qc7 19. Bxb7 Qxb7 20. Rhd1 0-0 21. Nxc5 Nxc5 22. Rxd8 b4 23. Qe3 Ne4 24. Rxf8+ Bxf8 25. Rd8 Qc6 26. b3 Nxg3 27. Qd3 Nf5 28. g4 Ne7 29. Nd2 Qh1+ 30. Kb2 Nc6 31. Rc8 Nxe5 32. Rxf8+ Kxf8 33. Qd6+ Kg8 34. Qxe5 Qxh3 35. c5 Qxg4 36. c6 f6 37. Qxf6 Qe2 38. Qd4 e5 39. Qc4+ 1-0

[Event "St Petersburg Korchnoi Memorial op"]
[Site "St Petersburg"]
[Date "2023.08.18"]
[Round "1"]
[White "Preobrazhensky, Andrey"]
[Black "Maksimenko, Dmitry"]
[Result "1-0"]
[WhiteElo "1822"]
[BlackElo "1000"]
[PlyCount "65"]
[EventDate "2023.08.18"]
[EventType "swiss"]
[EventRounds "9"]
[EventCountry "RUS"]
[SourceTitle "CBM 216 Extra"]
[Source "ChessBase"]
[SourceDate "2023.11.30"]
[SourceVersion "1"]
[SourceVersionDate "2023.11.30"]
[SourceQuality "1"]

1. d4 Nf6 2. c4 c5 3. d5 b5 4. cxb5 a6 5. e3 axb5 6. Bxb5 g6 7. Nc3 Bg7 8. Nf3 0-0 9. 0-0 d6 10. a4 Na6 11. e4 Nb4 12. Re1 Bg4 13. Rb1 Nd7 14. h3 Bxf3 15. Qxf3 Ne5 16. Qe2 e6 17. f4 Nd7 18. dxe6 fxe6 19. Bc4 Qe7 20. f5 Ne5 21. Bxe6+ Kh8 22. Nd5 Nxd5 23. Bxd5 Rxa4 24. fxg6 Nxg6 25. Be3 Rb8 26. Rf1 Qe5 27. Rf5 Qxb2 28. Rxb2 Rxb2 29. Qh5 Be5 30. Rxe5 Nxe5 31. Qe8+ Kg7 32. Qg8+ Kf6 33. Bg5# 1-0